Statistiken für Gemeinden Liechtensteins

Klicken Sie hier um das Quiz zu spielen!

Allgemein

  • Dieses Quiz wurde 30 mal gespielt
  • Das Durchschnittsergebnis liegt bei 6 aus 11

Antwortstatistiken

EinwohnerzahlGemeinde% Korrekt
5701Vaduz
96%
6027Schaan
74%
2354Ruggell
57%
5316Triesen
57%
2642Triesenberg
57%
4667Balzers
52%
4509Eschen
48%
1687Gamprin
48%
4395Mauren
48%
1119Schellenberg
48%
479Planken
39%

Verteilung der Resultate

Perzentil nach korrekt beantworteten Fragen

Anzahl Personen mit jedem Resultat

Ihre Resultats-Entwicklung

Sie haben dieses Quiz noch nicht gespielt